[Event "4NCL Division 2d"]
[Site "Telford, ENG"]
[Date "2018.05.06"]
[Round "10.86"]
[White "Hodgson, John H"]
[Black "Spencer, Douglas"]
[Result "1/2-1/2"]
[WhiteElo "2091"]
[BlackElo "2001"]
[PlyCount "56"]
[EventDate "2018.05.06"]
[WhiteTeam "Barbican Youth"]
[BlackTeam "West is Best 2"]

1. e4 e5 2. Nf3 Nf6 3. Nxe5 d6 4. Nf3 Nxe4 5. d4 d5 6. Bd3 Nc6 7. O-O Be7 8. c4
Nf6 9. Nc3 O-O 10. h3 h6 11. a3 Be6 12. c5 Qd7 13. Bf4 Ne8 14. Bb5 f6 15. Re1
g5 16. Bh2 Ng7 17. b4 Qd8 18. Ba4 Rf7 19. b5 Na5 20. Bc2 Nc4 21. Ra2 b6 22.
cxb6 cxb6 23. a4 Bd6 24. Bxd6 Qxd6 25. Bg6 Rc7 26. Rae2 Rd8 27. Bb1 Bc8 28. Na2
Nh5 1/2-1/2

[Event "4NCL Division 2d"]
[Site "Telford, ENG"]
[Date "2018.05.06"]
[Round "10.87"]
[White "Taylor, William J"]
[Black "Morrison, Lynne G P"]
[Result "1-0"]
[WhiteElo "2070"]
[BlackElo "1854"]
[PlyCount "45"]
[EventDate "2018.05.06"]
[WhiteTeam "West is Best 2"]
[BlackTeam "Barbican Youth"]

1. e4 c5 2. Nf3 d6 3. d4 cxd4 4. Nxd4 Nf6 5. Nc3 e6 6. Be2 Be7 7. O-O O-O 8.
Be3 a6 9. f4 Qc7 10. a4 b6 11. Bf3 Bb7 12. Qe1 Nc6 13. Rd1 Rac8 14. Qg3 Kh8 15.
Kh1 Rfe8 16. e5 Nd7 17. exd6 Bxd6 18. Ndb5 axb5 19. Nxb5 Qb8 20. Nxd6 Rf8 21.
Nxc8 Qxc8 22. Rd2 Nf6 23. Bxb6 1-0

[Event "4NCL Division 2d"]
[Site "Telford, ENG"]
[Date "2018.05.06"]
[Round "10.88"]
[White "O'Toole, Alex P"]
[Black "Davis, Lee"]
[Result "1/2-1/2"]
[WhiteElo "1487"]
[BlackElo "2061"]
[PlyCount "58"]
[EventDate "2018.05.06"]
[WhiteTeam "Barbican Youth"]
[BlackTeam "West is Best 2"]

1. e4 g6 2. d4 d6 3. f4 Bg7 4. Nf3 Nf6 5. e5 Nfd7 6. Bc4 Nb6 7. Bb3 O-O 8. O-O
c5 9. c3 cxd4 10. cxd4 dxe5 11. dxe5 Qxd1 12. Bxd1 Nc6 13. h3 Be6 14. Nc3 f6
15. exf6 exf6 16. Be3 Nd7 17. Re1 Rfd8 18. Nb5 Rac8 19. Nd6 Rc7 20. Bxa7 Nxa7
21. Rxe6 Nc5 22. Re8+ Rxe8 23. Nxe8 Rd7 24. Bb3+ Nxb3 25. axb3 Nc6 26. Ra8 Kf7
27. Nxg7 Kxg7 28. Rc8 Kf7 29. Kf2 h6 1/2-1/2